000 00907cam a2200289 a 4500
001 49561
003 BD-RjUL
005 20211209054708.0
008 160821s1975 nyu b 001 0 eng
020 _a0275012603
035 _a(BD-RjUL)49680
035 _a2184935
040 _aLC
_beng
_cLC
_dABN-SNR
041 _aeng
082 0 4 _a362.85
_bBEE 1975
100 _aBerkowitz, Monroe
_9148646
245 0 3 _aAn Evaluation of policy-related rehabilitation research /
_cMonroe Berkowitz ... [et al.].
260 _aNew York :
_bPraeger,
_c1975.
300 _axv, 221 p. ;
_c24 cm.
490 0 _aPraeger special studies in U.S. economic, social, and political issues
504 _aIncludes bibliographies and index.
650 0 _aRehabilitation
_xResearch.
_9148647
650 0 _aRehabilitation.
_9148648
700 1 _aBerkowitz, Monroe,
_d1919-
_9148649
942 _2ddc
_cBK
999 _c49561
_d49561